000 00498 a2200169 4500
999 _c41640
_d41640
003 OSt
005 20221101104503.0
008 221101b ||||| |||| 00| 0 eng d
020 _a9781259004971
040 _coclc
082 _a647.94
_bAND/H
100 1 _99200
_aAndrews, Sudhir
245 _aHotel front office a training manual /
_cSudhir Andrews
260 _aNew Delhi:
_bMc grawhill,
_c2017.
300 _a374 pages
942 _2ddc
_cBK
_h647.94
_iAND/H
_k647.94
_mAND/H